Caricamento...
Hamlet/
| Autore principale: | |
|---|---|
| Altri autori: | |
| Natura: | Printed Book |
| Lingua: | English |
| Pubblicazione: |
Baltimore:
Penguin,
c1957.
|
| Soggetti: |
| LEADER | 00512 a2200157 4500 | ||
|---|---|---|---|
| 008 | 150103s9999 000 0 eng | ||
| 082 | |a 822.33 SHA/HA | ||
| 100 | |a Shakespeare, William | ||
| 245 | |a Hamlet/ | ||
| 260 | |a Baltimore: |b Penguin, |c c1957. | ||
| 300 | |a 176p. | ||
| 650 | |a English drama | ||
| 700 | |a Farnham, Willard | ||
| 942 | |c BK | ||
| 999 | |c 301626 |d 301626 | ||
| 952 | |0 0 |1 0 |2 ddc |4 1 |6 822_330000000000000_SHA_HA |7 0 |9 344951 |a DRA |b DRA |c ST1 |d 2010-09-08 |e Gift |i 151G |l 0 |o 822.33 SHA/HA |p DRA151G |r 2010-09-08 |w 2010-09-08 |y BK | ||